辽宁省县级市 - Statistics

General Stats
  • This quiz has been taken 24 times
  • The average score is 13 of 16
Answers on the Map
Answers color-coded by a green-red scale on the quiz's map according to % correct below.
 
Answer Stats
Answer % Correct
海城市
95%
瓦房店市
90%
灯塔市
90%
新民市
85%
庄河市
85%
东港市
85%
大石桥市
80%
调兵山市
80%
开原市
80%
盖州市
75%
北票市
75%
凌源市
75%
兴城市
75%
凤城市
70%
凌海市
70%
北镇市
60%
No matching quizzes found
Score Distribution
Percent of People with Each Score
Percentile by Number Answered
Your Score History
You have not taken this quiz